Регионална библиотека "Любен Каравелов" - Русе

Дверите на вечността (Запис номер 178936)

MARC детайли
000 -Лидер
Контролно поле с фиксирана дължина 01404nam a2200361 c 4500
003 - Код на организацията, давaща контролен номер
Контролно поле BLK
005 - Дата и час на последна редакция
Контролно поле 20240927150704.0
008 - Елементи от данни с фиксирана дължина
fixed length control field 180411b bul|||||r ||||||| ||bul||
010 ## - Наследен системен номер
LC control number KNG00187696000
020 ## - Международен стандартен номер на книга ISBN
Международен стандартен номер на книга ISBN 9789542908517
040 ## - Източник на каталожния запис
Идентификатор на билиотеката - собственик на записа BLK
041 ## - Код за език
Код за езика на текст/звукозапис или на отделно заглавие Български
Код за езика КДБФ Български
072 #7 - Код за тематичната категория
Код организация bullib
Код за тематична категория Н83
Текст Чужда художествена литература Н
080 ## - УДК
Текстов определител УДК Немска литература
УДК код - определител по УДК 821.112.2
УДК определител -311.6
УДК - код + определител 821.112.2-311.6
100 1# - Редна дума - Автор
Автор Дюбел, Рихард
Авторска отговорност първи автор
R(LIN) 66124
139 ## - Редно поле
Редна дума Дюбел, Рихард
Авторски знак Дю - Д 97
245 10 - Сведения за заглавието
Заглавие Дверите на вечността
Подзаглавни данни Ист. роман
Редно поле (дума) Рихард Дюбел; прев. Петя Пешева.
257 ## - Страна на издаване
Страна на създаване/издаване Германия
260 ## - Област на издателските данни
Име на издателя, разпространителя и проч. Артлайн Студиос
Година на издаване 2014
Място на издаване, разпространение и проч. София
300 ## - Физическа характеристика
Страници 728 с.
Размери/Мащаб 24 см
380 ## - Жанр
Жанр Худож. лит.
500 ## - Общи забележки
Забележка Ориг. загл. Die Pforten der Ewigkeit / Richard Dubell. - Съдържа и за авт.
653 ## - Ключова дума – ненормативна
Ключова дума исторически романи
659 ## - Тематичен бюлетин
Тематичен бюлетин Н
700 ## - Други автори (авторска отговорност)
Лично име Пешева, Петя Димитрова
Дати, свързани с автора 1953 -
Пълна форма на името Пешева-Тошева, Петя Димитрова
9 (RLIN) 246479
852 ## - Местоположение
Форматна сигнатура Цб 280398
856 4# - Електронен адрес и достъп
Електронен формат pdf - файл
856 4# - Електронен адрес и достъп
Електронен формат pdf - файл
999 ## - СИСТЕМНИ КОНТРОЛНИ НОМЕРА
Koha biblionumber 178936
Koha biblioitemnumber 178936
942 ## - АРТИКУЛИ
Вид на библиотечния материал Книги
Скрит в OPAC Не
Koha issues (borrowed), all copies 7
Периодичен библиозапис Да
944 ## - СЪЗДАВАНЕ И РЕДАКЦИЯ на ЗАПИСА
Създаване/Редакция Създаване
Дата на регистрацията/редакция 15.04.2016
Статус, дата на статуса Геновева Генчева
Служител, извършил регистрацията/редакцията 30560
944 ## - СЪЗДАВАНЕ И РЕДАКЦИЯ на ЗАПИСА
Създаване/Редакция Редакция
Дата на регистрацията/редакция 07.02.2017
Статус, дата на статуса ф /
Служител, извършил регистрацията/редакцията Виолета_Тройчева
999 ## - СИСТЕМНИ КОНТРОЛНИ НОМЕРА
Koha biblioitemnumber 178936
Наличности
Код за отписване Код за изгубен артикул Код за повреда Коз за рестрикции Код за отдаване Артикулен № Име на библиотеката - собственик Име на библиотеката, в която се намира в момента Статус (Текущо местоположение) Дата на вписване в системата Местоположение - отдел Цена в лева Инвентарен номер Систематично азбучна сигнатура Баркод Номер на екземпляра Цена в евро Служебна бележка Служебен тип на артикула Източник на класификационната схема
  Не е изгубен Не е повреден без рестрикции заемане за дома 307075 Регионална библиотека "Любен Каравелов" Русе Регионална библиотека "Любен Каравелов" Русе Заемна - подръчен фонд 2016-04-15 Заемна - подръчен фонд 28.00 120000799804 П 830-31/Д 97 120000799804 1 14.32 Дост: DA Вид: А N: 16 Дата: 15.04.2016 Дата инв: 12.02.2018 Бележки инв: П2018 Книги  
  Не е изгубен Не е повреден   заемане за дома 799695 Регионална библиотека "Любен Каравелов" Русе Регионална библиотека "Любен Каравелов" Русе Заемна - подръчен фонд 2020-09-18 Заемна - подръчен фонд 15.40   821-31/Д 97 Р 120000847097   7.87   Книги Universal Decimal Classification
Vip Innovations Ltd, Rousse, Bulgaria 2025